| 000 | 00603nam a22001697a 4500 | ||
|---|---|---|---|
| 003 | MACL | ||
| 005 | 20160723134824.0 | ||
| 008 | 160723b xxu||||| |||| 00| 0 eng d | ||
| 040 | _cMACL | ||
| 041 | _aHindi | ||
| 082 | _a398 SHA | ||
| 100 |
_aशर्मा, विशाला _965097 |
||
| 245 |
_aआदिवासी साहित्य एवं संस्कृति _cविशाला शर्मा |
||
| 260 |
_aनई दिल्ली _bस्वराज प्रकाशन _c2016 |
||
| 650 |
_aलोक साहित्य _949621 |
||
| 942 |
_2ddc _cHIN |
||
| 999 |
_c54793 _d54793 |
||